000
00213 a2200097 4500
001
90170
082
_a
030 PAR
090
_c
42513
_d
42513
245
_a
Children Illustrated Thesaurus
260
_a
uk
_b
Parragon
_c
2006
942
_a
NUST-CAE
_k
030 PAR
999
_c
325243
_d
325243